| 000 | 00671cam a2200229 a 4500 | ||
|---|---|---|---|
| 001 | 000008476 | ||
| 005 | 20200929161340.0 | ||
| 008 | 931004s1990 sp 000 f spa d | ||
| 020 | _a8472231593 | ||
| 040 |
_aDO-SdBNP _cWU _dIU _dDLC |
||
| 082 |
_a864.64 _bP371p |
||
| 100 | 1 |
_aPedraza, Pilar, _d1951- _922790 |
|
| 245 | 1 | 3 |
_aLa pequeña pasión / _cPilar Pedraza. |
| 260 |
_aBarcelona : _bTusquets, _c1990. |
||
| 300 |
_a177 p. ; _c21 cm. |
||
| 490 | 1 |
_aAndanzas _v117 |
|
| 650 | 4 |
_aEnsayos españoles _ySIGLO XX _920764 |
|
| 650 | 4 |
_aLiteratura española _ySIGLO XX _93326 |
|
| 830 | 0 |
_aAndanzas ; _v117 _918113 |
|
| 910 | _aCatalogación por copia / LC | ||
| 049 | _aBNGR | ||
| 999 |
_c8247 _d8247 |
||